000
00278nam a22001217a 4500
008
170713b xxu||||| |||| 00| 0 eng d
041
_a
eng
080
_a
101
100
_a
24
101
_a
FIL
245
_a
INTRODUCTION TO MODERN EXISTENTIALISM
_c
BREISACH,E
942
_2
udc
_c
BK
999
_c
20546
_d
20546